| 000 | 00903nam a2200145 a 4500 | ||
|---|---|---|---|
| 005 | 20140414093839.0 | ||
| 008 | 050820s19uu xx 00 eng d | ||
| 050 |
_aCD 793 _bLos 1997 |
||
| 245 |
_aStrictly ballroom dancing. Vol. 2 : _bnon-stop cha cha. |
||
| 260 |
_bA Plum Music Production/Alpha Records Corp, _cc1997. |
||
| 520 | _a[1.] Magic carpet ride. -- [2]. Tic Tic Tac. -- [3]. Oye Como Va. -- [4]. Chiquita Bonita. -- [5]. Carmelita. -- [6]. Oh Carol. -- [7]. Beautiful Sunday. -- [8]. Pepito. -- [9]. Knock three times. -- [10]. Candida. -- [11]. Sweet and gentle. -- [12]. Jamaica farewell. -- [13]. Once on a Sunday morning. -- [14]. I write your name through the fire. -- [15]. South of the border. -- [16]. Devil woman. -- [17]. Santa Monica. -- [18]. Papa loves mama. -- [19]. Dancing in the sun. -- [20]. Evil ways. | ||
| 650 | _aBallroom dancing. | ||
| 942 | _cAVM | ||
| 999 |
_c109202 _d109202 |
||